000 01135naa a22003257a 4500
001 BR9704161
003 BR-BrBNA
005 20240918181911.0
007 ta
008 230509b bl.||||| |||| 00| 0 por d
040 _aBR-BrBNA
_bpor
_cBiblioteca Nacional de Agricultura
041 _a(Pt)
072 _aH60
_b2790
090 _aH60 BR9704161
100 1 _aLima, C.L.S. de
100 1 _aOliveira, R. da C.A.
100 1 _aLemos, V.P
111 1 _a5. Encontro de Profissionais da Quimica da Amazonia
_cSao Luis, MA (Brazil)
_d1985
245 1 _aComponentes inorganicos da cana-do-brejo (Costus epicatus rosc.)
260 3 _aSao Luis, MA (Brasil):
_c1985.
500 _aAnais do 5. Encontro de Profissionais de Quimica da Amazonia Sao Luis, MA (Brasil): 1985. p. 37-49 (BR9704161-AM)H60
650 _aGraminea Forrageira
650 _aTaxonomia
650 _aAnalise Quimica
650 _aToxidez
650 _aCobaia
773 0 _tAnais do 5. Encontro de Profissionais de Quimica da Amazonia
_wH60 BR9704161
_gSao Luis, MA (Brasil), 1985. p. 37-49
909 _a202404
_bLucia
_c55
_dLucia Elande
942 _cAM
_2AGRIS
999 _c327449
_d327449